| 000 | 00660nam a22001817a 4500 | ||
|---|---|---|---|
| 999 |
_c525765 _d525765 |
||
| 003 | NUST | ||
| 020 |
_a978-969-8344-15-3 _qHB/K |
||
| 038 | _aFaiza | ||
| 082 |
_a891.439 _bASH |
||
| 100 |
_aAshfaq, Humaira _916708 |
||
| 245 |
_aJadliat,Adab o Fun aur Paidar Taraqi / _cHumaira Ashfaq |
||
| 260 |
_aIslamabad : _bPolicy Institute Barae Paidar Taraqi, _c2012. |
||
| 300 | _a176 p. ; | ||
| 880 |
_6100-01\r _aحمیرا اشفاق |
||
| 880 |
_6245-02\r _aجدلیات،ادب وفن اورپائیدار ترقی / |
||
| 880 |
_6260-03\r _aاسلام آباد : _bپالیسی انسٹیٹیوٹ برائے پائیدار ترقی, _c۲۰۱۲. |
||
| 942 |
_2ddc _cBK |
||